Nové zdroje energie

Gespeichert in:
Bibliographische Detailangaben
1. Verfasser: Balák, Rudolf
Format: Buch
Sprache:Tschechisch
Veröffentlicht: Praha Státní nakladatelství technické literatury 1989
Ausgabe:2. přeprac. vyd.
Schriftenreihe:Polytechnická knižnice
Tags: Tag hinzufügen
Keine Tags, Fügen Sie das erste Tag hinzu!

MARC

LEADER 00000nam a2200000 4500
001 c039106
005 20240419074336.8
041 0 |a cze 
044 |a CZ 
245 1 0 |a Nové zdroje energie  |c Rudolf Balák 
250 |a 2. přeprac. vyd. 
264 1 |a Praha  |b Státní nakladatelství technické literatury  |c 1989 
300 |a 205 s. 
490 1 |a Polytechnická knižnice 
830 0 |a Polytechnická knižnice 
100 1 |a Balák, Rudolf